| 000 | 00793nam a2200217Ia 4500 | ||
|---|---|---|---|
| 003 | GCL | ||
| 008 | 140319s9999 xx 000 0 ara d | ||
| 040 |
_aGCL / _cGCL |
||
| 082 | 0 | 4 |
_a953.02 _bح م |
| 100 | 1 | _aحكمت عبد الكريم فرحات | |
| 245 | 1 | 0 |
_aمدخل الى تاريخ الحضارة العربية الاسلامية / _cحكمت عبد الكريم فرحات |
| 700 | 1 | _aابراهيم ياسين الخطيب | |
| 260 |
_aالاردن : _bدار الشروق ، _c1989 |
||
| 300 |
_a176 ص ؛ _c25 سم |
||
| 490 | _a | ||
| 650 | 0 | 4 | _aتاريخ |
| 650 | 0 | 4 | _aالحضارة العربية الاسلامية - المعارف البحرية |
| 650 | 0 | 4 | _aالثقافة الاسلامية |
| 650 | 0 | 4 | _aالحضارة الاسلامية |
| 942 |
_2ddc _cBK |
||
| 999 |
_c53050 _d53050 |
||